Sałata i sałatki

Bibliographic Details
Other Authors: Franke, Muriel (upr), Wieczorek, Paweł (Translator)
Format: Book
Language:Polish
PhysicalDescription:63 s. fareb. ilustr. 14x24 cm
Published: Warszawa Amber c2000
ISBN:8372453608
Subjects:

MARC

LEADER 00000nam a2200000 a 4500
001 vtls001428485
003 SK-MaSNL
005 20260301013119.0
008 251031s2000 PL a r 0 pol
020 |a 8372453608 
035 |a SNK000383483 
040 |a SNK  |b slo  |c SNK  |e AACR2 
041 0 |a pol 
044 |a PL 
080 |a 641.83(083.12)  |2 1981 
240 1 0 |a Salat toll in Form  |l Poľsky 
245 1 |a Sałata i sałatki  |c pod redakcia Muriel Franke ; [przekład: Paweł Wieczorek] 
260 |a Warszawa  |b Amber  |c c2000  |e [Martin]  |f Neografia 
300 |a 63 s.  |b fareb. ilustr.  |c 14x24 cm 
500 |a Údaj o prekl. prevzatý z tir. 
650 0 7 |a šaláty  |x príprava  |x predpisy kuchárske  |2 SNK  |9 293431 
700 1 |a Franke, Muriel  |4 upr  |9 299297 
700 1 |a Wieczorek, Paweł  |4 prk  |9 299298 
919 |a 83-7245-360-8 
999 |c 555240  |d 557170 
952 |t P60, <03>, [BOOK], {603}  |a SNK  |b SNK  |y PREZ  |7 0  |p 17A0334009  |o snkSD 72012  |i snkKSP 2062/2002  |0 0  |1 0  |4 0  |d 2002-02-20  |l 0  |r 2005-01-02 00:00:00  |w 2026-02-23